00783 a2200205 4500999001500000010001400015020002300029035001300052037001500065082001100080100002800091245012100119250001700240260005700257270005800314300004200372500001900414942003100433952011300464 c7970d7970 aENG-88259 a8180040062c339.00 aEN-71792 bDBAD / PUB14a616.961 aParija, Subhash Chandra1 aText book of medical parasitology:cby Subhash Chandra Parijabprotozoology & helminthology (text and colour atlas)/ a3rd ed(repr) aNew DelhibAll India Publishers & Distributorsc2007 a4380/4B, Ansari Road, Darya Ganj,bNew Delhie110 002 axiii, 407p.c24cm (pbk )bb&w photos aIncludes index adplcEN2ddch616.96 mPAR 001040718NFICaDBADbDBADeDBAD/PUBg339.00l0o616.96 PARpEN-71792r2008-09-15 00:00:00t1v339.00yEN